000 00299nam a22001337a 4500
008 170921b xxu||||| |||| 00| 0 eng d
020 _a029156152487
041 _aeng
080 _a78
100 _a45
101 _aMUZ
245 _aTHE ART OF DOUBLE BASS PLAYNG
_cBENFIELD,W.A
942 _2udc
_cBK
999 _c28780
_d28780